000 00749nam a22002657a 4500
001 3922
003 FISKH
005 20260318135419.0
008 240523b cb ||||| |||| 00| 0 eng d
020 _a044903496102
040 _aFISKH
_beng
_cFISKH
_dFISKH
050 _a590
082 _aQL49.A58734
100 _aPriddy , Roger
_eauthor
245 _aAnimals /
_cby Roger Priddy
260 _aNew York :
_bMartin's Press ;
_c2008
300 _a10 unnumbered pages :
_bcolor illustrations ;
_c9 cm .
490 _aBright Baby
505 _aB
520 _aPictures of animals teach vocabulary.
521 8 _a80
_bLexile estimate
521 8 _aB
_bRaz-Plus
650 _ababy animals
_vnon-fiction
942 _2ddc
_cBK
_n0
999 _c3922
_d3922